ბათუმის შოთა რუსთაველის სახელმწიფო უნივერსიტეტის ბიბლიოთეკა

წმინდანიანი.ლექსებისა და მინიატურების კრებული (ბიბ.ჩანაწერი № 43127)

000 -LEADER
fixed length control field 00967nam a2200241Ia 4500
001 - CONTROL NUMBER
control field 9848
003 - CONTROL NUMBER IDENTIFIER
control field GE_BSU
008 - FIXED-LENGTH DATA ELEMENTS--GENERAL INFORMATION
fixed length control field 181216s||||||||xx |||||||||||||| ||und||
020 ## - INTERNATIONAL STANDARD BOOK NUMBER
International Standard Book Number 9994039830
040 ## - CATALOGING SOURCE
Transcribing agency GE_BSU
080 ## - UNIVERSAL DECIMAL CLASSIFICATION NUMBER
Universal Decimal Classification number 821.353.1–1+821.353.1-32
100 ## - MAIN ENTRY--PERSONAL NAME
Personal name მიწიშვილი,ნიკოლო
245 ## - TITLE STATEMENT
Title წმინდანიანი.ლექსებისა და მინიატურების კრებული
245 ## - TITLE STATEMENT
Statement of responsibility, etc. შემდგ.მანანა ჩიტიშვილი.საგამომც.პროექტის ავტ.კახმეგ კუდავა
260 ## - PUBLICATION, DISTRIBUTION, ETC.
Place of publication, distribution, etc. თბილისი
260 ## - PUBLICATION, DISTRIBUTION, ETC.
Name of publisher, distributor, etc. ინტელექტი
260 ## - PUBLICATION, DISTRIBUTION, ETC.
Date of publication, distribution, etc. 2006
300 ## - PHYSICAL DESCRIPTION
Extent 140გვ.20სმ.
653 ## - INDEX TERM--UNCONTROLLED
Uncontrolled term ლექსებისა და მინიატურების კრებული
653 ## - INDEX TERM--UNCONTROLLED
Uncontrolled term წმინდანიანი
942 ## - ADDED ENTRY ELEMENTS (KOHA)
Koha item type წიგნი
ეგზემპლარები
Withdrawn status Lost status Damaged status Not for loan Date acquired Barcode Date last seen Price effective from Koha item type
        2018-12-17 32882 2018-12-17 2018-12-17 წიგნი